Népi gyógyászat és mai természetes gyógymódok egy felvidéki faluban

Elmentve itt :
Bibliográfiai részletek
Szerző: Psenák Emese
Dokumentumtípus: Könyv része
Megjelent: 2017
Sorozat:Táj és Népi Kultúra 12
DiákKörKép 3. : tudományos diákköri írások a néprajz szegedi műhelyéből 12
Kulcsszavak:Tudományos diákkör - néprajz, Népi gyógyítás - magyar - Felvidék
Tárgyszavak:
Online Access:http://acta.bibl.u-szeged.hu/70503
LEADER 00864naa a2200217 i 4500
001 acta70503
005 20220214131928.0
008 200916s2017 hu o 0|| hun d
022 |a 1785-0991 
040 |a SZTE Egyetemi Kiadványok Repozitórium  |b hun 
041 |a hun 
100 1 |a Psenák Emese 
245 1 0 |a Népi gyógyászat és mai természetes gyógymódok egy felvidéki faluban  |h [elektronikus dokumentum] /  |c  Psenák Emese 
260 |c 2017 
300 |a 30-50 
490 0 |a Táj és Népi Kultúra  |v 12 
490 0 |a DiákKörKép 3. : tudományos diákköri írások a néprajz szegedi műhelyéből  |v 12 
650 4 |a Társadalomtudományok 
650 4 |a Szociológia 
695 |a Tudományos diákkör - néprajz, Népi gyógyítás - magyar - Felvidék 
856 4 0 |u http://acta.bibl.u-szeged.hu/70503/1/taj_es_nepi_kultura_012_030-050.pdf  |z Dokumentum-elérés